Religious beliefs and practices among the Santals : A case study (Record no. 19109)
[ view plain ]
| 000 -LEADER | |
|---|---|
| fixed length control field | 00387nam a2200133Ia 4500 |
| 082 ## - DEWEY DECIMAL CLASSIFICATION NUMBER | |
| Classification number | TT.0035 |
| 100 ## - MAIN ENTRY--AUTHOR NAME | |
| Personal name | Troisi, S.J. Joseph |
| 245 #0 - TITLE STATEMENT | |
| Title | Religious beliefs and practices among the Santals : A case study |
| 260 ## - PUBLICATION, DISTRIBUTION, ETC. (IMPRINT) | |
| Year of publication | 1977 |
| Name of publisher | University of Delhi |
| 300 ## - PHYSICAL DESCRIPTION | |
| Number of Pages | 489p. |
| 650 ## - SUBJECT ADDED ENTRY--TOPICAL TERM | |
| Topical Term | SANTALS, THE - RELIGION AND MYTHOLOGY - BIHAR - PANGRO |
| 710 ## - ADDED ENTRY--CORPORATE NAME | |
| Corporate name or jurisdiction name as entry element | Beteille, Andre |
| 942 ## - ADDED ENTRY ELEMENTS (KOHA) | |
| Koha item type | Thesis |
| Source of classification or shelving scheme | Dewey Decimal Classification |
| Withdrawn status | Lost status | Damaged status | Not for loan | Home library | Current library | Date acquired | Full call number | Accession Number | Price effective from | Koha item type |
|---|---|---|---|---|---|---|---|---|---|---|
| NASSDOC Library | NASSDOC Library | 08/10/2004 | TT.0035 | 11435 | 18/04/2019 | Thesis |
